[Event "Portugal Open 2019"]
[Site "Lisbon"]
[Date "2019.02.07"]
[Round "7.24"]
[White "Rego, Pedro Filipe"]
[Black "Di Nicolantonio, Lucas"]
[Result "0-1"]
[WhiteElo "2228"]
[BlackElo "2364"]
[Annotator "NA RC"]
[PlyCount "68"]
[EventDate "2019.01.25"]
[EventType "swiss"]
[EventCountry "POR"]
[SourceTitle "playchess.com"]
[Source "ChessBase"]
[SourceQuality "1"]
[TimeControl "5400+30"]

1. e4 {[%emt 0:00:00]} g6 {[%emt 0:02:12]} 2. Nc3 {[%emt 0:03:55]} Bg7 {[%emt 0:00:48]} 3. d4 {[%emt 0:00:50]} d6 {[%emt 0:00:17]} 4. Be3 {[%emt 0:01:33]} a6 {[%emt 0:00:18]} 5. Qd2 {[%emt 0:00:31]} b5 {[%emt 0:00:21]} 6. f3 {[%emt 0:01:19]} Nd7 {[%emt 0:01:12]} 7. O-O-O {[%emt 0:29:20]} Bb7 {[%emt 0:00:39]} 8. h4 {[%emt 0:04:02]} h6 {[%emt 0:02:01]} (8... h5 $11) 9. Kb1 {[%emt 0:09:25]} Rc8 {[%emt 0:07:42]} 10. g4 {[%emt 0:05:21]} c5 {[%emt 0:02:39]} 11. Nce2 {[%emt 0:05:35]} (11. Nh3 $16) 11... Qc7 {[%emt 0:15:25]} 12. Rc1 {[%emt 0:01:35]} ({White should play} 12. c3 $14) 12... e6 {[%emt 0:04:03]} 13. Ng3 {[%emt 0:03:35]} (13. c3 $11) 13... Ne7 {[%emt 0:02:42]} ({Black should play} 13... d5 $15) 14. c3 {[%emt 0:15:15]} Nb6 {[%emt 0:05:49]} 15. Bd3 {[%emt 0:01:35]} Nc6 {[%emt 0:29:54]} 16. N1e2 {[%emt 0:00:10]} Na5 {[%emt 0:00:09]} 17. b3 {[%emt 0:03:41]} c4 {[%emt 0:02:22]} 18. Bc2 {[%emt 0:00:06]} cxb3 {[%emt 0:00:16]} 19. axb3 {[%emt 0:00:06]} d5 {[%emt 0:00:26]} 20. c4 {[%emt 0:02:45]} (20. Bd1 $11 {keeps the balance.}) 20... Nbxc4 {[%emt 0:06:13]} 21. bxc4 {[%emt 0:00:04]} Nxc4 {[%emt 0:00:04]} 22. Qd3 {[%emt 0:01:54]} ({Much worse is} 22. Qc3 $6 O-O $11) 22... e5 {[%emt 0:01:23]} ({Don't play} 22... Nxe3 $6 23. Qxe3 O-O 24. Bb3 $11) 23. Bb3 {[%emt 0:01:12]} O-O {[%emt 0:00:08]} 24. dxe5 {[%emt 0:02:21]} dxe4 {[%emt 0:05:26]} 25. Nxe4 {[%emt 0:00:11]} Rfd8 {[%emt 0:00:06]} 26. Bd4 {[%emt 0:01:00]} Bxe5 {[%emt 0:01:47]} 27. Bxc4 $4 {[%emt 0:02:33]} (27. h5 $11 {and White has nothing to worry.} Bxe4 28. fxe4) 27... bxc4 {[%emt 0:00:34]} 28. Qc3 $19 {[%emt 0:01:10]} (28. Rxc4 $142 Qxc4 29. Qxc4 Rxc4 30. Bxe5 Bxe4+ 31. fxe4 Rxe4 32. Bc7) 28... Bxd4 {[%emt 0:02:21]} 29. Nxd4 {[%emt 0:00:02]} Qb6+ {[%emt 0:00:39]} 30. Kc2 {[%emt 0:00:25]} Bxe4+ {[%emt 0:01:18]} 31. fxe4 {[%emt 0:00:02]} Qxd4 {[%emt 0:00:11]} 32. Rce1 {[%emt 0:03:01]} Qf2+ {[%emt 0:00:36]} 33. Kc1 {[%emt 0:00:01]} Rd3 {[%emt 0:00:32]} 34. Qb2 {[%emt 0:00:27]} Qf4+ {[%emt 0:00:06]} 0-1

[Event "Portugal Open 2019"]
[Site "Lisbon"]
[Date "2019.02.07"]
[Round "7.25"]
[White "Miedema, David"]
[Black "Carlsson, Ludvig"]
[Result "1-0"]
[WhiteElo "2356"]
[BlackElo "2217"]
[Annotator "RC"]
[PlyCount "45"]
[EventDate "2019.01.25"]
[EventType "swiss"]
[EventCountry "POR"]
[SourceTitle "playchess.com"]
[Source "ChessBase"]
[SourceQuality "1"]
[TimeControl "5400+30"]

1. e4 {[%emt 0:01:00]} c5 {[%emt 0:00:35]} 2. Nf3 {[%emt 0:00:05]} g6 {[%emt 0:00:08]} 3. d4 {[%emt 0:00:05]} cxd4 {[%emt 0:00:05]} 4. Nxd4 {[%emt 0:00:03]} Bg7 {[%emt 0:00:08]} 5. c4 {[%emt 0:00:04]} Nc6 {[%emt 0:00:05]} 6. Be3 {[%emt 0:00:04]} Nf6 {[%emt 0:00:05]} 7. Nc3 {[%emt 0:00:03]} Ng4 {[%emt 0:00:05]} 8. Qxg4 {[%emt 0:00:07]} Nxd4 {[%emt 0:00:03]} 9. Qd1 {[%emt 0:00:05]} e5 {[%emt 0:00:05]} 10. h4 {[%emt 0:16:52]} d6 {[%emt 0:18:22]} 11. h5 {[%emt 0:01:14]} Be6 {[%emt 0:02:19]} 12. Qd2 {[%emt 0:01:19]} Rc8 {[%emt 0:01:59]} 13. b3 {[%emt 0:05:46]} f5 {[%emt 0:09:16]} 14. hxg6 {[%emt 0:02:31]} hxg6 {[%emt 0:02:45]} 15. Rxh8+ {[%emt 0:00:04]} Bxh8 {[%emt 0:00:09]} 16. exf5 {[%emt 0:02:23]} Bxf5 {[%emt 0:06:07]} 17. Bd3 {[%emt 0:03:23]} Qh4 {[%emt 0:09:31]} 18. O-O-O {[%emt 0:01:49]} b5 {[%emt 0:00:12]} 19. Bxd4 {[%emt 0:02:25]} Qxd4 {[%emt 0:03:56]} 20. Bxf5 {[%emt 0:00:04]} gxf5 {[%emt 0:00:12]} 21. Qxd4 {[%emt 0:00:03]} exd4 {[%emt 0:00:09]} 22. Nxb5 {[%emt 0:00:02]} Be5 {[%emt 0:00:27]} 23. Nxd4 {[%emt 0:00:20]} 1-0

[Event "Portugal Open 2019"]
[Site "Lisbon"]
[Date "2019.02.07"]
[Round "7.26"]
[White "Vasques, Antonio Pedro Freix"]
[Black "Rocha, Sergio"]
[Result "1-0"]
[WhiteElo "2210"]
[BlackElo "2354"]
[Annotator "TA"]
[PlyCount "51"]
[EventDate "2019.01.25"]
[EventType "swiss"]
[EventCountry "POR"]
[SourceTitle "playchess.com"]
[Source "ChessBase"]
[SourceQuality "1"]

{[%evp 10,51,70,67,79,49,85,81,100,74,56,59,86,81,104,104,110,88,230,237,382,382,377,374,344,324,471,430,400,472,463,441,378,368,368,368,373,361,358,366,524,527,576,566]} 1. e4 (1. d4 g6 2. e4 Bg7 3. Nc3 d6 4. f4 c6 5. Nf3 {1-0 (46) So,W (2640)-Guseinov,G (2625) Khanty-Mansiysk 2009}) 1... c6 $146 ({Predecessor:} 1... d6 2. d4 g6 3. Nc3 Nf6 4. f4 Bg7 5. Nf3 {1-0 (33) Hernandez Estevez,Y (2192)-Berezina,I (2112) Batumi 2018}) 2. d4 d6 3. Nc3 Nf6 4. f4 g6 5. Nf3 Bg7 6. Bd3 Na6 {B09: Pirc Defence: Austrian Attack} (6... Bg4 7. e5 Nd5 8. Nxd5 cxd5 9. h3 Bxf3 10. Qxf3 e6 11. c3 Nc6 12. O-O O-O 13. Be3 f6 14. exf6 Qxf6 {1-0 (46) So,W (2640)-Guseinov,G (2625) Khanty-Mansiysk 2009}) 7. a3 Nc7 8. O-O Bg4 {White is better.} ({Predecessor:} 8... O-O 9. Qe1 d5 10. e5 Nfe8 11. f5 Bxf5 12. Bxf5 gxf5 13. Ne2 f6 14. Nf4 fxe5 15. dxe5 {1-0 (33) Hernandez Estevez,Y (2192)-Berezina,I (2112) Batumi 2018}) 9. e5 Nfd5 10. Nxd5 cxd5 11. Qe1 Bxf3 12. Rxf3 e6 13. Qb4 Rb8 (13... O-O $16) 14. exd6 $18 Na8 (14... Na6 {was called for.} 15. Qa4+ Kf8) 15. d7+ {[%mdl 64] [#] Decoy} Kxd7 16. Bb5+ Kc8 17. f5 Bf8 (17... Qb6 $142 18. fxe6 (18. f6 Bf8 $16) 18... Qxd4+ 19. Be3 Qxb4 20. axb4 fxe6) 18. Qc3+ Nc7 19. fxe6 fxe6 20. Rf7 {[#] Bg5! is the strong threat.} Bd6 21. Bd7+ Qxd7 22. Rxd7 Kxd7 23. Bh6 Rhe8 24. Rf1 Re7 (24... Nb5 {was necessary.} 25. Qd3 a6) 25. Bf8 Nb5 26. Qd3 {Accuracy: White = 79%, Black = 34%.} 1-0

[Event "Portugal Open 2019"]
[Site "Lisbon"]
[Date "2019.02.07"]
[Round "7.27"]
[White "Fidalgo, Andre Neves"]
[Black "Pantzar, Milton"]
[Result "0-1"]
[WhiteElo "2204"]
[BlackElo "2331"]
[Annotator "TA"]
[PlyCount "62"]
[EventDate "2019.01.25"]
[EventType "swiss"]
[EventCountry "POR"]
[SourceTitle "playchess.com"]
[Source "ChessBase"]
[SourceQuality "1"]

{[%evp 26,62,15,20,46,24,23,-8,0,0,0,-7,0,-14,-2,-20,-22,-50,-13,-30,-18,-88,-95,-306,-315,-509,-516,-531,-525,-716,-705,-890,-879,-862,-862,-2082,-696,-692,-666]} 1. d4 Nf6 2. c4 e6 3. Nf3 d5 4. g3 c6 5. Qc2 Nbd7 6. Bg2 Be7 7. O-O O-O 8. Nbd2 b6 9. e4 Bb7 10. e5 Ne8 11. b3 c5 12. Bb2 Rc8 13. dxc5 Nxc5 {E09: Closed Catalan: Main Line: 7 Qc2 c6 8 Nbd2} 14. Rfd1 {LiveBook: 8 Games} (14. Rad1 Nc7 15. Qb1 a5 16. Rfe1 b5 17. Nd4 Qd7 18. cxd5 Bxd5 19. f3 Ba8 20. Nf1 Nd5 21. f4 {0-1 (33) Alekseev,E (2677)-Prizant,J (2524) Tyumen 2012}) 14... Qc7 15. Rac1 Qb8 {White has an edge.} 16. Qb1 Qa8 $146 ({Predecessor:} 16... Nc7 17. cxd5 Nxd5 18. Nc4 Rfd8 19. Nd6 Bxd6 20. exd6 f6 21. Rc4 Nd7 22. Ba3 Rxc4 23. bxc4 Nc3 {0-1 (23) Rick,U (2175)-Stork,O (2048) Lueneburg 2017}) 17. Nd4 {cxd5 is the strong threat.} Nc7 18. h4 Rfd8 19. cxd5 Bxd5 20. Bxd5 Nxd5 21. Nc4 a6 22. a3 Bf8 23. b4 (23. Qc2 $11 {remains equal.}) 23... Na4 $40 {[%mdl 128] Black wants a kill.} 24. b5 $2 {[#]} (24. Rd3 $17 {might work better.}) 24... axb5 $1 $19 25. Nxb5 $2 {[#]} (25. Nd6 Nac3 26. Bxc3 Nxc3 27. Rxc3 Rxc3 28. N4xb5) 25... Rxc4 $1 {[%mdl 512] Black is clearly winning.} 26. Rxc4 Nxb2 27. Nc7 Qxa3 (27... Nxc4 $2 28. Nxa8 Rxa8 29. Qe4 $19) 28. Rxd5 Rxd5 29. Nxd5 Nxc4 30. Nxb6 Nxb6 31. Qxb6 Qa1+ {Precision: White = 18%, Black = 55%.} 0-1

[Event "Portugal Open 2019"]
[Site "Lisbon"]
[Date "2019.02.07"]
[Round "7.28"]
[White "Pastar, Slaven"]
[Black "Santos, Jose Guilherme B Li"]
[Result "1-0"]
[WhiteElo "2330"]
[BlackElo "2191"]
[Annotator "TA"]
[PlyCount "87"]
[EventDate "2019.01.25"]
[EventType "swiss"]
[EventCountry "POR"]
[SourceTitle "playchess.com"]
[Source "ChessBase"]
[SourceQuality "1"]

{[%evp 15,86,-8,6,-7,0,-3,22,0,0,-19,-23,-10,-12,-14,-11,-22,-23,-18,15,0,0,0,0,0,0,0,0,0,-3,-16,12,-12,-12,-11,0,0,0,0,0,-9,27,31,29,0,4,11,120,116,116,110,173,142,154,101,117,106,303,303,387,360,1633,1648,1593,1509,1076,1076,1002,1003,1570,1663,29990,29991,29999]} 1. c4 $146 (1. d4 Nf6 2. c4 e6 {½-½ (67) Eljanov,P (2759)-Hou,Y (2651) Sharjah 2017}) ({Predecessor:} 1. d4 Nf6 2. c4 e6 {½-½ (69) Milanovic,D (2508)-Djordjevic,V (2340) Zrenjanin 2018}) 1... Nf6 2. Nc3 e6 3. d4 Bb4 4. e3 d5 (4... O-O 5. Bd3 d5 6. cxd5 {½-½ (67) Eljanov,P (2759)-Hou,Y (2651) Sharjah 2017}) ({Predecessor:} 4... O-O 5. Bd3 d5 6. cxd5 {½-½ (69) Milanovic,D (2508)-Djordjevic,V (2340) Zrenjanin 2018}) 5. cxd5 exd5 6. Bd3 O-O 7. Nge2 Re8 8. O-O (8. Bd2 c6 {½-½ (67) Eljanov,P (2759)-Hou,Y (2651) Sharjah 2017}) ({Predecessor:} 8. Bd2 Bd6 9. Rc1 c6 10. f3 b5 {½-½ (69) Milanovic,D (2508)-Djordjevic,V (2340) Zrenjanin 2018}) 8... c6 9. Bd2 {E48: Nimzo-Indian: Rubinstein: 5 Bd3 d5 including 6 Ne2, but excluding 6 a3} Bd6 10. f3 (10. Ng3 Nbd7 11. Rc1 Nf8 12. f3 Ne6 13. Be1 a6 14. Bf2 c5 15. Re1 cxd4 16. exd4 {½-½ (67) Eljanov,P (2759)-Hou,Y (2651) Sharjah 2017}) 10... b5 {[%cal Bb7b5,Bb5b4][%mdl 32]} 11. Rc1 {The position is equal.} a5 ({Predecessor:} 11... Nbd7 12. Ng3 Qb6 13. Nf5 Bf8 14. g4 g6 15. Ng3 h6 {½-½ (69) Milanovic,D (2508)-Djordjevic,V (2340) Zrenjanin 2018}) 12. Qe1 Ba6 {[#] ...b4 is the strong threat.} 13. Nd1 b4 14. Bxa6 Rxa6 15. Qh4 Nbd7 16. Nf2 Qe7 17. Nd3 c5 {Threatening ...c4.} 18. dxc5 Nxc5 19. Nxc5 Bxc5 20. Nd4 Qa7 21. Rc2 Nd7 22. Rfc1 Rh6 23. Qf2 Qb8 24. g3 Bb6 25. Qf1 Ne5 26. b3 Rd6 27. Kg2 Bxd4 28. exd4 Ng6 29. Rc5 Rde6 {[#] Threatens to win with ...Re2+.} 30. Re1 Qd8 (30... Rxe1 $11 {keeps the balance.} 31. Bxe1 Qd8) 31. Rxe6 $16 fxe6 32. h4 h6 (32... Ne7 $16) 33. h5 Nf8 34. Qd3 ({Better is} 34. Bf4) 34... Nd7 35. Rb5 Nf6 $2 (35... Qa8 $16) 36. Qg6 $18 Kf8 37. Bf4 ({Weaker is} 37. Rb7 Re7 $18) 37... Nd7 $2 (37... Qe7 38. Rxa5 Rc8) 38. Bd6+ Kg8 39. Rb7 Qc8 40. Rc7 {Be5 would kill now.} Qd8 41. g4 Kh8 42. Qf7 Rf8 43. Bxf8 {[%csl Gf8][%cal Rf7g7]} Qxc7 44. Qxg7# {Accuracy: White = 63%, Black = 40%.} 1-0

[Event "Portugal Open 2019"]
[Site "Lisbon"]
[Date "2019.02.07"]
[Round "7.29"]
[White "Gu, Xiaobing"]
[Black "Maisuradze, Nino"]
[Result "1-0"]
[WhiteElo "2326"]
[BlackElo "2186"]
[Annotator "TA"]
[PlyCount "55"]
[EventDate "2019.01.25"]
[EventType "swiss"]
[EventCountry "POR"]
[SourceTitle "playchess.com"]
[Source "ChessBase"]
[SourceQuality "1"]

{[%evp 14,55,22,7,42,41,44,12,31,28,61,73,71,61,63,63,228,226,245,152,152,150,149,156,147,150,140,141,185,182,277,223,385,377,369,450,451,443,420,414,990,965,986,981]} 1. e4 c5 2. Nf3 Nc6 3. Bb5 g6 4. Bxc6 bxc6 5. O-O Bg7 6. Re1 Nh6 7. d3 {B31: Sicilian: 2...Nc6 3 Bb5 g6} (7. c3 O-O 8. h3 f5 9. e5 Nf7 10. d3 d6 11. Bf4 Ba6 12. Na3 Rb8 13. Qd2 dxe5 14. Nxe5 Nxe5 15. Bxe5 Bxe5 16. Rxe5 Qxd3 {1-0 (50) Amin,B (2686)-Guseinov,G (2667) Hoogeveen 2018}) 7... O-O 8. h3 {LiveBook: 7 Games} f5 9. e5 {[%cal Be4e5,Be5e6][%mdl 32] White is slightly better.} Nf7 10. Na3 d6 $146 {[%cal Rf7e5]} ({Predecessor:} 10... d5 11. Bf4 Be6 12. Qc1 h6 13. h4 Kh7 {0-1 (32) Skouvaklis,A (2072)-Iskandarov,M (2300) Albena 2011}) 11. Bf4 h6 12. h4 Qc7 {[%cal Rf7e5]} 13. Nc4 d5 14. e6 $1 {[%cal Re6f7]} Nd6 $2 {[#]} (14... Qxf4 $14 15. exf7+ Rxf7) 15. Nce5 $1 $18 Rf6 16. Nf7 Rxe6 17. Nxh6+ Bxh6 18. Bxh6 Rxe1+ 19. Qxe1 {Black must now prevent Qe5.} Nf7 20. Be3 d4 21. Bg5 $1 {[%cal Rg5e7]} Kf8 (21... e5 {was called for.} 22. Bf6 Be6 23. Nxe5 (23. Bxe5 Qd7 $18) 23... Nxe5 24. Bxe5 Qe7) 22. Qe2 Ba6 $2 (22... e5 {keeps fighting.} 23. Re1 Nxg5) 23. Re1 Re8 {[#]} 24. h5 $1 {[%mdl 512]} gxh5 25. Qe6 {Intending Ne5 and mate.} Qd6 26. Qxf5 {White threatens Ne5 and mate.} Bc8 (26... e5 $142 27. Bf6 Bc8) 27. Qh7 {Hoping for Ne5.} e5 28. Nh4 {Precision: White = 76%, Black = 32%.} 1-0

[Event "Portugal Open 2019"]
[Site "Lisbon"]
[Date "2019.02.07"]
[Round "7.30"]
[White "Costa, Paulo"]
[Black "Shailesh, Dravid"]
[Result "0-1"]
[WhiteElo "2200"]
[BlackElo "2324"]
[Annotator "TA"]
[PlyCount "82"]
[EventDate "2019.01.25"]
[EventType "swiss"]
[EventCountry "POR"]
[SourceTitle "playchess.com"]
[Source "ChessBase"]
[SourceQuality "1"]

{[%evp 19,82,10,9,-14,-8,-61,-70,-77,-44,-79,-43,-62,-16,-30,-52,-152,-80,-75,-43,-39,-29,-29,-45,-30,-30,-37,-35,-31,-33,-64,-18,-76,-76,-76,-72,-90,-87,-64,-70,-160,-148,-260,-245,-369,-352,-325,-312,-320,-312,-211,-110,-181,-177,-5450,-5440,-2352,-1908,-6536,-3443,-12840,-5189,-29972,-29973,-29962,-29959]} 1. d4 Nf6 2. Nf3 g6 3. Bf4 Bg7 4. e3 d6 5. h3 O-O 6. Be2 c5 7. c3 Nc6 8. O-O cxd4 9. exd4 Be6 10. Nbd2 Qb6 {LiveBook: 13 Games. A48: 1 d4 Nf6 2 Nf3 g6: Torre, London and Colle Systems} 11. Ng5 (11. Qb1 Rac8 12. a4 Rfe8 13. Re1 Bd5 14. Nc4 Bxc4 15. Bxc4 Nxd4 16. Bxf7+ Kxf7 17. Nxd4 e5 18. Qa2+ {1-0 (36) Andreikin,D (2743)-Grischuk,A (2747) ICC INT 2016}) 11... Qxb2 12. Rb1 ({White should try} 12. Nxe6 $11 fxe6 13. Nc4) 12... Qxc3 $15 {Black is slightly better.} 13. Nxe6 fxe6 14. Nb3 $146 {[#] Hoping for Bd2.} ({Predecessor:} 14. Rb3 Qa5 15. Nc4 Qc7 16. Bf3 Nd5 17. Be3 Kh8 18. Qd2 Nxe3 19. fxe3 Nxd4 20. exd4 Qxc4 21. Rxb7 Bxd4+ 22. Kh1 {0-1 (22) Ibanez,F (2125)-Fiorito,F (2425) Buenos Aires 1998}) 14... Ne4 15. Be3 $1 Qb4 {Threatens to win with ...Nc3.} 16. Qd3 Nc3 17. Bd2 (17. Nc5 $1 $15 Nxb1 18. Rxb1) 17... Nxe2+ ({Better is} 17... Nxd4 18. Nxd4 Qxd4 19. Rxb7 Nxe2+ 20. Qxe2 Qf6) 18. Qxe2 $17 Nxd4 19. Qg4 Qc4 {...Ne2+ is the strong threat.} 20. Nxd4 Qxd4 21. Qxe6+ Rf7 22. Be3 Qe5 23. Qxe5 Bxe5 24. Rxb7 a5 25. f4 (25. a4 $11 {remains equal.}) 25... Bf6 26. Rc1 Rff8 27. a4 Rfc8 28. Rxc8+ Rxc8 {[%mdl 4096] Endgame KRB-KRB} 29. Bd2 (29. Ra7 $1 $15) 29... Rc4 30. Rb5 (30. Bxa5 $17 {is a better defense.} Rxa4 31. Bd2) 30... Rxa4 $19 31. Rxa5 (31. Bxa5 $142 Rxf4 32. Bb6) 31... Rxa5 32. Bxa5 {KB-KB} Kf7 33. Kf2 {[#]} Ke6 $1 {[%cal Re6d5]} 34. Ke3 g5 (34... Kd5 $19 35. Bd8 Kc4) 35. g3 (35. g4 $17 {was worth a try.}) 35... gxf4+ 36. gxf4 $2 (36. Kxf4 Kd5 37. g4) 36... Kf5 37. Be1 Bb2 38. Bh4 Bc1+ 39. Kf3 e6 {[%cal Be7e6,Be6e5][%mdl 32]} 40. Bg5 d5 41. Bh6 e5 {Precision: White = 28%, Black = 80%.} 0-1

[Event "Portugal Open 2019"]
[Site "Lisbon"]
[Date "2019.02.07"]
[Round "7.31"]
[White "Godzwon, Iwo"]
[Black "Dias, Ricardo Pedro Cruz"]
[Result "1-0"]
[WhiteElo "2322"]
[BlackElo "2128"]
[Annotator "TA"]
[PlyCount "119"]
[EventDate "2019.01.25"]
[EventType "swiss"]
[EventCountry "POR"]
[SourceTitle "playchess.com"]
[Source "ChessBase"]
[SourceQuality "1"]

{[%evp 18,119,22,16,28,22,19,0,42,31,50,30,39,37,33,30,123,115,171,126,211,150,145,138,131,131,135,116,195,190,279,199,277,268,246,225,210,154,160,174,174,159,164,164,155,153,144,142,123,137,210,210,262,248,281,274,293,213,256,245,270,262,362,358,488,488,471,443,402,385,387,366,359,347,502,466,736,760,689,645,848,820,844,832,752,752,743,714,699,595,768,760,760,732,6760,1642,29990,29991,29991,29992,29994,29993,29993,29994]} 1. e4 e5 2. Nf3 Nc6 3. Bb5 a6 4. Ba4 Nf6 5. O-O Be7 6. Re1 b5 7. Bb3 O-O 8. h3 Bb7 9. d3 d6 10. a3 Qd7 {C88: Closed Ruy Lopez: Anti-Marshall Systems} 11. Nbd2 {[%cal Bb1d2,Bd2f1,Bf1g3][%mdl 32]} Nd8 (11... Rfe8 12. c3 Bf8 13. Nf1 h6 14. N3h2 d5 15. Qf3 Na5 16. Ba2 dxe4 17. dxe4 Nc4 18. Bxh6 {½-½ (94) Karjakin,S (2769)-Carlsen,M (2857) New York 2016}) 12. Nf1 h6 $146 {The position is equal.} ({Predecessor:} 12... Ne6 13. Ng3 Rfe8 14. c3 c5 15. a4 Bf8 16. axb5 axb5 17. Rxa8 Bxa8 18. Bc2 g6 19. Ng5 Bg7 20. Bb3 d5 21. Nxe6 Qxe6 22. exd5 {½-½ (22) Almasi,Z (2691)-Onischuk,A (2674) Kemer 2007}) 13. Ng3 Re8 14. c3 Bf8 15. Bc2 d5 16. d4 Nxe4 (16... exd4 $11 {keeps the balance.} 17. e5 (17. Nxd4 dxe4 18. Nh5 Nd5 $15) 17... Ne4) 17. Nxe5 $16 (17. Bxe4 $6 dxe4 18. Nxe5 Qe6 $11) 17... Qe6 (17... Qd6 $16) 18. Bf4 ({Don't play} 18. Nxe4 $6 dxe4 19. Bf4 (19. Bxe4 Bxe4 20. Rxe4 f6 $15) 19... c5 $14) 18... f5 (18... Qf6 $16) 19. f3 Nxg3 20. Bxg3 Nf7 21. Qd3 g6 22. Re2 Bg7 (22... Qf6 $16) 23. Rae1 $18 Nd6 (23... Nxe5 $142 24. Bxe5 Qf7) 24. Bf4 Rf8 (24... Qf6 $142 25. Qd2 g5) 25. Ng4 Ne4 26. Nxh6+ Kh7 27. fxe4 fxe4 28. Qe3 ({Much weaker is} 28. Bxc7 $6 Be5 $11) 28... g5 29. Bxg5 {[#] aiming for Ng4.} Bxh6 30. Bxh6 Qxh6 31. Qxh6+ Kxh6 32. Rf1 Rxf1+ 33. Kxf1 $16 {[%mdl 4096] Endgame KRB-KRB} Re8 (33... a5 $16) 34. Rf2 $18 Re7 35. Ke2 Kg5 36. Ke3 Bc8 37. Rf4 Rh7 38. Rf8 Be6 39. Bd1 Rh6 40. Be2 Bd7 41. Rf7 Rd6 42. Rh7 Kg6 43. Rh8 Kg7 44. Rd8 Kf6 45. g4 Kg5 (45... Ke7 $142) 46. Rh8 Bc6 (46... Kf6 $142 47. h4 Kg6) 47. h4+ Kg6 48. g5 Kg7 49. Rc8 Rd7 50. h5 Rf7 51. g6 Re7 52. Kf4 {Kg5 would kill now.} Kf6 53. Rh8 Be8 54. Rf8+ Kg7 55. Rf5 c6 56. Kg5 Bd7 57. h6+ {White mates.} Kg8 58. h7+ Kg7 {[#]} 59. Rf7+ $1 {[%mdl 512]} Rxf7 60. gxf7 {Accuracy: White = 81%, Black = 41%.} 1-0

[Event "Portugal Open 2019"]
[Site "Lisbon"]
[Date "2019.02.07"]
[Round "7.32"]
[White "Li, Yunshan"]
[Black "Napoli, Nicolo"]
[Result "1-0"]
[WhiteElo "2196"]
[BlackElo "2316"]
[Annotator "TA"]
[PlyCount "114"]
[EventDate "2019.01.25"]
[EventType "swiss"]
[EventCountry "POR"]
[SourceTitle "playchess.com"]
[Source "ChessBase"]
[SourceQuality "1"]

{[%evp 13,114,29,11,12,6,12,0,8,14,8,55,45,90,82,79,81,84,64,57,56,58,54,56,54,87,75,87,64,71,64,68,65,64,62,81,64,97,95,92,89,102,102,102,102,102,101,110,96,109,50,56,8,25,0,0,0,0,0,31,0,53,14,62,14,14,14,29,0,0,0,0,-38,-27,-42,-37,-30,-43,-31,-38,-81,-81,-296,-246,-560,-535,-29970,-29973,-1501,-916,-29986,-29987,-29993,-29994,-29996,-29987,-29987,-29988,-29988,-29989,-29994,-29995,-29995,-29996]} 1. d4 ({Predecessor:} 1. Nf3 d5 2. d4 e6 3. c4 Nf6 4. Nc3 Be7 5. g3 O-O {½-½ (58) Idani,P (2580)-Moosavian,S (2329) Sari 2017}) 1... Nf6 2. c4 e6 3. g3 $146 (3. Nf3 d5 4. Nc3 Be7 5. g3 dxc4 6. Bg2 {1-0 (49) Caruana,F (2822)-Nakamura,H (2777) Saint Louis 2018}) 3... d5 4. Bg2 Be7 5. Nf3 O-O 6. Nc3 dxc4 7. Ne5 Nc6 8. Bxc6 {E06: Closed Catalan: Early deviations} bxc6 9. Nxc6 Qe8 10. Nxe7+ {The position is equal.} Qxe7 11. Qa4 Bb7 (11... c5 12. dxc5 Qxc5 13. Be3 Qc7 14. O-O-O Ng4 15. Rd2 Nxe3 16. fxe3 Rb8 17. Rhd1 a5 18. Kb1 h6 19. Ka1 Rb4 {1-0 (49) Caruana,F (2822)-Nakamura,H (2777) Saint Louis 2018}) 12. O-O Bd5 13. f3 ({Predecessor:} 13. Bg5 Qd7 14. Qc2 Ne8 15. Rad1 Nd6 {½-½ (58) Idani,P (2580)-Moosavian,S (2329) Sari 2017}) 13... Qd7 14. Qxd7 Nxd7 15. e4 Bb7 16. Bf4 Rac8 17. Nb5 a6 18. Na3 Nb6 19. Rac1 f5 20. exf5 Rxf5 21. Nxc4 Nxc4 22. Rxc4 g5 23. Be3 Bd5 24. Rc5 h6 25. f4 g4 26. b3 Kf7 27. Rfc1 c6 28. Ra5 Ra8 29. Rcc5 h5 30. Ra4 (30. Bd2 {with more complications.} Kg6 31. Ra4 h4 32. gxh4 Kh5 33. Rc3) 30... Be4 31. Rxf5+ (31. Rc3 $16) 31... exf5 $16 {[%mdl 4096] Endgame KRB-KRB} 32. Rb4 Ke6 33. Rb7 Bb1 34. a3 a5 35. Kf2 Bd3 36. Bd2 Bc2 ({Black should try} 36... Kd6 $11) 37. Bc3 Kd6 38. b4 axb4 39. Bxb4+ Kd5 40. Rd7+ Kc4 41. Rd6 Be4 42. Rd7 Kd3 {[%mdl 1024] Black has compensation.} 43. Ke1 Bf3 44. Rf7 Re8+ 45. Re7 Rh8 46. Kf2 Be4 47. Bd6 $2 {[#]} (47. h4 $17 {keeps fighting.}) 47... h4 $1 $19 48. gxh4 $2 (48. Bc5) 48... Rxh4 49. Rb7 Rxh2+ 50. Kg1 Ra2 {And now ...Ke2 would win.} 51. Kf1 Bd5 {Black mates.} 52. Re7 g3 53. Bb4 Bg2+ 54. Kg1 Be4 55. Be1 Ra1 {[%cal Ra1e1]} 56. Kf1 g2+ 57. Kf2 {[#]} Rxe1 $1 {[%mdl 33280] Accuracy: White = 35%, Black = 73%. . Loss on time!?} 1-0